| 000 | 00862cam5a220026500 4500 | ||
|---|---|---|---|
| 001 | qce01410484 | ||
| 005 | 20190830103858.0 | ||
| 008 | 810917s1982 nyua b 000 0 eng d | ||
| 020 | _a380552448X | ||
| 035 | _a(Sirsi) r68394 | ||
| 035 | _a(QCAT)lss03196053 | ||
| 035 | _a(UPRA)qce01410484 | ||
| 040 | _dUPRA | ||
| 060 |
_aW1 AN855G v.31 1982 _a[QV 38 P535 1982] |
||
| 245 | 0 | 0 |
_aPharmacokinetics, II / _cvolume editor, H. Schonfeld. |
| 260 |
_aBasel ; New York : _bKarger, _c1982. |
||
| 490 | 1 |
_aAntibiotics and chemotherapy ; v. ; _v31 |
|
| 504 | _aIncludes bibliographies. | ||
| 650 | 2 |
_aKinetics _6S21319.1 |
|
| 650 | 2 |
_aPharmacology _6S180.1 |
|
| 700 | 1 |
_aSchonfeld, H. (Hans). _qSchonfeld, H. (Hans). _6A28317.1 |
|
| 830 | 0 |
_aAntibiotics and chemotherapy ; _v31 _6S5034.1 |
|
| 949 |
_aRM301.5 _wlcc _i-91769 _mMAIN _tBOOK _lON-SHELF |
||
| 004 | 68394 | ||
| 999 |
_c185031 _d185031 |
||